LEADER 01447nam a2200325 u 4500 001 000000061120 003 CaOOAMICUS 005 20070226121005.0 008 010831s1990 gw u000 u ger u 020 $a3451021285 035 $a10900800 040 $aPUL(R)$bita 245 00$aGlauben durch Lesen? :$bFür eine christliche Lesekultur /$cPaul Deselaers ... [et al.] ; hrsg. von Adel Theodor Khoury und Ludwig Muth. 260 $aFreiburg :$bHerder,$c1990. 300 $a151 p. ;$c23 cm 490 1 $aQuaestiones disputatae ;$v128 504 $aBibliografia in nota. 650 4$aLetteratura religiosa.$0(OLS)http://pul/subject/18603 650 4$aCristianesimo e letteratura.$0(OLS)http://pul/subject/19616 700 1 $aDeselaers, Paul.$0(OLS)http://pul/name/41717 700 1 $aMuth, Ludwig.$0(OLS)http://pul/name/41718 700 1 $aKhoury, Adel Théodore.$0(OLS)http://pul/name/37571 830 0$aQuaestiones disputatae (Herder) ;$v128.$0(OLS)http://pul/title/18243 850 $aPUL 852 $aPUL$W1$xSL Religione 2$y84$mTheol A6 128$j79694$nBK-PRI$b $qStampati altre collocazioni$B79694$CPULBib$Z2$F79694 $H $81 941 1 $a10 961 $aINV: 63348 996 $6020$a3451021285$9(OLS)http://pul/number/79146 996 $6245$aGlauben durch Lesen? :$bFür eine christliche Lesekultur$9(OLS)http://pul/title/81629 996 $6260$aFreiburg :$bHerder$9(OLS)http://pul/publisher/48354 LEADER 01786nam a2200325 u 4500 001 000000022887 003 CaOOAMICUS 005 20070226111157.0 008 950411m19781981it u000 u ita u 035 $a10575989 040 $aBAV$bita$dPUL(R)$dPUL(R) 100 1 $aCapograssi, Giuseppe,$d1889-1956.$0(OLS)http://pul/name/5632 245 10$aPensieri a Giulia /$cGiuseppe Capograssi ; a cura di Gabrio Lombardi. 260 $aMilano :$bGiuffrè,$c1978-1981. 300 $a4 v. ;$c24 cm 504 $aComprende indicazioni bibliografiche. 505 0 $av. 1. 1918-1919 -- v. 2. 1920-1921 -- v. 3. 1922-1924 -- v. a. Indice analitico generale delle fonti dei nomi e delle cose notevoli. 600 14$aCapograssi, Giuseppe,$d1889-1956$xLettere.$0(OLS)http://pul/subject/14244 700 1 $aLombardi, Gabrio,$d1913-1994.$0(OLS)http://pul/name/34574 850 $aPUL 852 $aPUL$W1$xDP1 Altre Collocazioni$y17$mSenza collocazione$j12$nBK-PRI$b $qStampati$B32087$CPULBib$Z2$F32087 $H $81 852 $aPUL$W1$xSL Diritto e Scienze Sociali 1$y4$m237 D 80,96-97$j32084$nBK-PRI$b $qStampati$B32084$CPULBib$Z2$F32084 $H $81 852 $aPUL$W1$xSL Diritto e Scienze Sociali 1$y4$m237 D 80,96-97$j32084$nBK-PRI$b $qStampati$B32085$CPULBib$Z2$F32085 $H $81 852 $aPUL$W1$xSL Diritto e Scienze Sociali 1$y4$m237 D 80,96-97$j32084$nBK-PRI$b $qStampati$B32086$CPULBib$Z2$F32086 $H $81 941 1 $a8 961 $aINV: 68118-67923 961 $aINV: 68118-67923 961 $aINV: 68118-67923 996 $6245$aPensieri a Giulia$9(OLS)http://pul/title/31865 996 $6260$aMilano :$bGiuffrè$9(OLS)http://pul/publisher/48401